000 01120naa a22003137a 4500
001 BR8800797
003 BR-BrBNA
005 20240918175942.0
007 ta
008 230509b bl.||||| |||| 00| 0 por d
040 _aBR-BrBNA
_bpor
_cBiblioteca Nacional de Agricultura
041 _a(Pt)
072 _aF30; P35
_b0150
090 _aF30 BR8800797
100 1 _aBacha, R.E.
100 1 _aIshiy, T.
111 1 _a16. Reuniao da Cultura do Arroz Irrigado
_cCamboriu, SC (Brazil)
_d5-9 Oct 1987
245 1 _aSelecao de genotipos de arroz irrigado para resistencia a toxicidez de ferro
260 3 _aFlorianopolis, SC (Brasil):
_c1987.
500 _aAnais da 16. Reuniao da Cultura do Arroz Irrigado Florianopolis, SC (Brasil): 1987. p. 85-113 (BR8800797-AM)F30
650 _aARROZ IRRIGADO
650 _aGENOTIPO
650 _aVARIEDADE RESISTENTE
650 _aTOXIDEZ
650 _aFERRO
773 0 _tAnais da 16. Reuniao da Cultura do Arroz Irrigado
_wF30 BR8800797
_zISBN 85-85014-16-4
_gFlorianopolis, SC (Brasil), 1987. p. 85-113
909 _a202404
_bLucia
_c55
_dLucia Elande
942 _cAM
_2AGRIS
999 _c318958
_d318958